| 000 | 00970nmm a2200277 a 4500 | ||
|---|---|---|---|
| 001 | ocm0001520587 | ||
| 003 | TR-IsHL | ||
| 005 | 20201028163057.0 | ||
| 008 | 170206s[tar tu tur | ||
| 007 | cr cn | ||
| 035 |
_a1520587 _b(N$T) |
||
| 050 | 0 | 4 |
_aBP43.T8 _bD59 [tarih yok] |
| 090 | 0 | 4 |
_aBP43.T8 _bD59 [tarih yok] |
| 245 | 1 | 0 |
_aDin görevlisi MBST ve yeterlik sınavı soru bankası _h[electronic resource] / _chazırlayan Fatih Güzel |
| 260 |
_aİstanbul : _bMercan Kitap, _c[tarih yok] |
||
| 300 | _a481 p. | ||
| 650 | 4 | _aFelsefe, Psikoloji ve Din | |
| 650 | 4 | _aPhilosophy, Psychology and Religion | |
| 650 | 0 |
_aDin eğitimi _x Türkiye |
|
| 650 | 0 |
_aIslamic education _x Turkey |
|
| 650 | 0 |
_aİlahiyat _x Soru bankaları |
|
| 650 | 0 |
_aTheology _x Question banks |
|
| 650 | 7 |
_aRELIGION / Education _2bisacsh |
|
| 700 | 1 | _aGüzel, Fatih | |
| 856 | 4 | 0 | _uhttp://search.ebscohost.com/login.aspx?direct=true&scope=site&db=e011xww&AN=1520587 |
| 999 |
_c15149 _d15149 |
||